| 000 | 01909cam a22004454i 4500 | ||
|---|---|---|---|
| 003 | PE-LiUPU | ||
| 005 | 20250731183336.0 | ||
| 008 | 140717s2008 mx ao g spa | ||
| 020 | _a9789709726930 | ||
| 035 | _a(Sirsi) i9789709726930 | ||
| 040 |
_aPE-LiUPU _bspa _cPE-LiUPU _erda |
||
| 041 | 1 |
_aspa _aeng |
|
| 049 | _aPRUA | ||
| 082 | 0 | 4 |
_a747.272 _bH22ex |
| 100 | 1 |
_aHaro, Fernándo de, _eautor. |
|
| 245 | 1 | 0 |
_aInteriores mexicanos : _bexpresión y funcionalidad / _cFernándo de Haro y Omar Fuentes. |
| 264 | 1 |
_aMéxico, D.F. : _bAM Editores, _c2008. |
|
| 300 |
_a181 páginas : _bilustraciones ; _c29 centímetros. |
||
| 336 |
_atext _2rdacontent |
||
| 337 |
_aunmediated _2rdamedia |
||
| 338 |
_avolume _2rdacarrier |
||
| 490 | 0 | _aInteriores mexicanos | |
| 505 | 0 | _aMaría Álvarez y Covadonga Hernández -- Juan Carlos Aviles Iguiniz -- Félix Blanco Martinez -- Alejandro Coeto G. y Salvador Nava V -- Fernando de Haro, Jesús Fernández, Omar Fuentes y Bertha Figueroa -- Gina diez Barroso de Franklin. | |
| 526 | _aP158 | ||
| 526 | _aP146 | ||
| 526 | _aP17 | ||
| 526 | _aP12 | ||
| 526 | _aP06 | ||
| 546 | _aTexto en Español e Inglés. | ||
| 586 | _a''Premios AM Editores'' T.p. verso. | ||
| 650 | 1 | 4 |
_aDecoración de interiores _zMéxico _xTemas motivos. |
| 650 | 1 | 4 |
_aObras _xInteriorismo _zMéxico _vpictóricas. |
| 910 |
_agl20131219 _cbd |
||
| 942 |
_2ddc _cBOOK |
||
| 949 |
_a747.272 H22EX _wDEWEY _c1 _i69772 _d2016-3-21 _e2016-3-16 _lCCODEBUL1 _mBUL _n1 _p54.00 _r0 _sY _tBOOK _u2015-7-6 _xINGENIERIA _PP06 _0COMPRA _o.STAFF. Colección General |
||
| 994 |
_aC0 _bPEPRU |
||
| 596 | _a1 | ||
| 999 |
_a747.272 H22EX _wDEWEY _c6131 _i69772 _d6131 _e2016-3-16 _f2021-11-10 _g7 _lCCODEBUL1 _mBUL _n1 _p54.00 _r0 _sY _tBOOK _u2015-7-6 _xINGENIERIA _PP06 _0COMPRA _o.STAFF. Colección General |
||
| 980 |
_81 _gALBERTO SANCHEZ Responsable de Automatización |
||